000 00663nam a2200205Ii 4500
003 JO-AjNU
008 230605s9999||||xx |||||||||||||| ||und||
040 _aJO-AjNU
_bara
_erda
_cJO-AjNU
041 _aara
050 1 4 _aPJ6106.A5 1972
100 3 _aتاليف قصير العاملي، أحمد حبيب,
_eauthor
_917004
245 0 0 _aمتن الاجروميّة ودروس في النحو
250 _aط4
264 3 1 _aبيروت: مكتبة الأمين،1972
300 _a164ص
336 _atext
_btxt
_2rdacontent
337 _aunmediated
_bn
_2rdamedia
338 _avolume
_bnc
_2rdacarrier
650 4 _aاللغة العربية-النحو
_917005
999 _aA5162
_c8730
_d8730